ბათუმის შოთა რუსთაველის სახელმწიფო უნივერსიტეტის ბიბლიოთეკა

თითქმის ავტოპორტრეტი : (ბიბ.ჩანაწერი № 63661)

000 -ლიდერი
ფიქსირებული სიგრძის საკონტროლო ველი 01473nam a22002297a 4500
003 - საკონტროლო ნომრის იდენტიფიკატორი
საკონტროლო ველი Ge_BSU
005 - ბოლო ოპერაციის თარიღი და დრო
საკონტროლო ველი 20251203183947.0
008 - ფიქსირებული სიგრძის მონაცემთა ელემენტები - ზოგადი ინფორმაცია
ფიქსირებული სიგრძის საკონტროლო ველი 251203s2022 ge ||||| |||| 00| 0 geo d
020 ## - წიგნის საერთაშორისო სტანდარტული ნომერი
International Standard Book Number 9789941492556
041 ## - ენის კოდი
Language code of text/sound track or separate title geo
080 ## - უნივერსალური ათობითი კლასიფიკაციის ინდექსი
Universal Decimal Classification number 821.353.1-1 ბ-50
100 ## - მთავარი ჩანაწერი - პიროვნების სახელი
Personal name ბეჟიაშვილი-ხოშტარია, თამარ
9 (RLIN) 26337
245 ## - ცნობა სათაურის შესახებ
Title თითქმის ავტოპორტრეტი :
Remainder of title [ლექსების კრებული] /
Statement of responsibility, etc თამარ ბეჟიაშვილი-ხოშტარია; რედაქტორი ლალი უმიკაშვილი; წინასიტყვაობა: ეთერ სოთიროვი, ნანა გაბელაია; მხატვარი ნათია მაჭარაშვილი.
264 ## - წარმოების, გამოცემის, დისტრიბუციის და სხვა ცნობები
გამოცემის, წარმოების, დისტრიბუციის... ადგილი თბილისი :
გამოცემის, წარმოების, დისტრიბუციის... სახელწოდება კალმოსანი,
გამოცემის, წარმოების, დისტრიბუციის... თარიღი 2022.
300 ## - ფიზიკური აღწერა
Extent 444 გვ. ;
Other physical details 20 სმ.
653 ## - INDEX TERM--UNCONTROLLED
Uncontrolled term ქართული პოეზია
700 ## - ADDED ENTRY--PERSONAL NAME
Personal name უმიკაშვილი, ლალი
Relator term რედაქტორი
9 (RLIN) 26338
700 ## - ADDED ENTRY--PERSONAL NAME
Personal name სოთიროვი, ეთერ
Relator term წინასიტყვაობის ავტორი
9 (RLIN) 26339
700 ## - ADDED ENTRY--PERSONAL NAME
Personal name გაბელაია, ნანა
Relator term წინასიტყვაობის ავტორი
9 (RLIN) 26340
700 ## - ADDED ENTRY--PERSONAL NAME
Personal name მაჭარაშვილი, ნათია
Relator term მხატვარი
9 (RLIN) 26341
942 ## - ADDED ENTRY ELEMENTS (KOHA)
Source of classification or shelving scheme
Koha item type წიგნი
ეგზემპლარები
ჩამოწერის სტატუსი დაკარგული ეგზემპლარის სტატუსი კლასიფიკაციის წყარო ან თაროზე გაწყობის სქემა დაზიანების სტატუსი არ გაიცემა მუდმივი მდებარეობა (დაცვის ადგილი) ამჟამინდელი ადგილსამყოფელი თაროზე განთავსების ადგილი შეძენის თარიღი ღირებულება, შესყიდვის ნორმალური ფასი სრული შენახვის შიფრი შტრიხკოდი ბოლო ოპერაციის თარიღი ეგზემპლარის მიმდევრობითი ნომერი (კეტერი?) Uniform Resource Identifier ფასის ძალაში შესვლის თარიღი ეგზემპლარის სახეობა საჯარო შენიშვნა
          ბათუმის შოთა რუსთაველის სახელმწიფო უნივერსიტეტის მთავარი ბიბლიოთეკა ბათუმის შოთა რუსთაველის სახელმწიფო უნივერსიტეტის მთავარი ბიბლიოთეკა წიგნსაცავი 2025-12-03 13.00 821.353.1-1 ბ-50 73207 2025-12-03 73207 საჩუქარი საქართველოს ეროვნული ბიბლიოთეკისაგან 2025-12-03 წიგნი 13 ლ.